ARRUPE JESUIT UNIVERSITY

CORONAVIRUS -STOP THE SPREAD - CLEAN,DISINFECT,COVER

Robert Nozick, property, justice and the minimal state / (Record no. 118272)

MARC details
000 -LEADER
fixed length control field 01083cam a2200361 a 4500
001 - CONTROL NUMBER
control field 906965
003 - CONTROL NUMBER IDENTIFIER
control field ARRUPE
005 - DATE AND TIME OF LATEST TRANSACTION
control field 20131029020009.0
008 - FIXED-LENGTH DATA ELEMENTS--GENERAL INFORMATION
fixed length control field 910227s1991 enk 001 0 eng d
010 ## - LIBRARY OF CONGRESS CONTROL NUMBER
LC control number gb 91000535
015 ## - NATIONAL BIBLIOGRAPHY NUMBER
National bibliography number GB91-535
020 ## - INTERNATIONAL STANDARD BOOK NUMBER
International Standard Book Number 0745606024 (cased) :
Terms of availability £29.50
020 ## - INTERNATIONAL STANDARD BOOK NUMBER
International Standard Book Number 0745606032 (pbk) :
Terms of availability £8.95
035 ## - SYSTEM CONTROL NUMBER
System control number (OCoLC)317845156
035 ## - SYSTEM CONTROL NUMBER
System control number (OCoLC)ocn317845156
035 ## - SYSTEM CONTROL NUMBER
System control number (NNC)906965
040 ## - CATALOGING SOURCE
Original cataloging agency Uk
Transcribing agency Uk
Modifying agency DLC
-- CStRLIN
050 14 - LIBRARY OF CONGRESS CALL NUMBER
Classification number JC571
Item number .N683.W65 1991
300 ## - PHYSICAL DESCRIPTION
Dimensions 26 cm.
100 1# - MAIN ENTRY--PERSONAL NAME
Personal name Wolff, Jonathan.
9 (RLIN) 2217
245 10 - TITLE STATEMENT
Title Robert Nozick, property, justice and the minimal state /
Statement of responsibility, etc Jonathan Wolff.
260 ## - PUBLICATION, DISTRIBUTION, ETC. (IMPRINT)
Place of publication, distribution, etc Oxford :
Name of publisher, distributor, etc Polity in association with Basil Blackwell,
Date of publication, distribution, etc 1991.
300 ## - PHYSICAL DESCRIPTION
Extent 168 p. ;
504 ## - BIBLIOGRAPHY, ETC. NOTE
Bibliography, etc Includes bibliography and index.
600 ## - SUBJECT ADDED ENTRY--PERSONAL NAME
Personal name Nozick, Robert
9 (RLIN) 2218
650 #0 - SUBJECT ADDED ENTRY--TOPICAL TERM
Topical term or geographic name as entry element State, The.
9 (RLIN) 2219
650 #0 - SUBJECT ADDED ENTRY--TOPICAL TERM
Topical term or geographic name as entry element Libertarianism
9 (RLIN) 2220
650 #0 - SUBJECT ADDED ENTRY--TOPICAL TERM
Topical term or geographic name as entry element Civil rights.
9 (RLIN) 2221
650 #0 - SUBJECT ADDED ENTRY--TOPICAL TERM
Topical term or geographic name as entry element Anarchism.
9 (RLIN) 2222
650 #0 - SUBJECT ADDED ENTRY--TOPICAL TERM
Topical term or geographic name as entry element Utopias.
9 (RLIN) 2223
942 ## - ADDED ENTRY ELEMENTS (KOHA)
Source of classification or shelving scheme Library of Congress Classification
Koha item type Monograph ( Printed materials)
Koha issues (borrowed), all copies 1
948 1# - LOCAL PROCESSING INFORMATION (OCLC); SERIES PART DESIGNATOR (RLIN)
Series part designator, SPT (RLIN) 20060607
b (OCLC) c
c (OCLC) rad1
d (OCLC) MPS
Holdings
Withdrawn status Lost status Source of classification or shelving scheme Damaged status Not for loan Home library Current library Shelving location Date acquired Total Checkouts Full call number Barcode Date last seen Date checked out Price effective from Koha item type
    Library of Congress Classification     ARRUPE LIBRARY ARRUPE LIBRARY Main Collection 07/10/2013 4 JC571 .N683.W65 1991 46410607 13/04/2022 28/02/2022 07/10/2013 Monograph ( Printed materials)

 

Arrupe Library. PO Box MP320 Mt Pleasant, Harare, Zimbabwe
263 242 745411|librarian@aju.ac.zw